FAO model code of forest harvesting practice

Bibliographic Details
Main Author: DYKSTRA
Corporate Author: Food and Agriculture Organization of the United Nations (FAO)
Other Authors: Heinrich
Format: Book
Published: Rome : Food and Agriculture Organization of the United Nations , 1995
Subjects:

MARC

LEADER 00000cam a2200000 7i4500
001 0000001322
005 20140418.0
090 0 0 |a FAO634.92   |b DYK 1995 
100 1 0 |a DYKSTRA   |h Dennis P. 
245 1 0 |a FAO model code of forest harvesting practice   |c Dennis P. Dykstra and Rudolf Heinrich 
260 0 0 |a Rome :   |b Food and Agriculture Organization of the United Nations ,   |c 1995 
300 |a xi, 117 p. :   |b ill. ;   |c 21 cm. 
500 0 0 |a Bibliography : [p. 87-102] 
650 0 0 |a Forest management 
650 0 0 |a Logging 
700 0 1 |a Heinrich   |h Rudolf 
710 1 1 |a Food and Agriculture Organization of the United Nations (FAO) 
998 |a JPSM 
999 |a 0000000456   |b Monograph   |c Food and Agriculture Organization   |e Default branch 
999 |a 0000003605   |b Monograph   |c Food and Agriculture Organization   |e Default branch 
999 |a 0000006505   |b Monograph   |c Food and Agriculture Organization   |e Default branch